Postavenie nemeckého jazyka ako druhého cudzieho jazyka v procese tvorby testovacích nástrojov a jeho skúšobného testovania v národnom projekte E-test
Saved in:
| Main Author: | |
|---|---|
| Other Authors: | , |
| Format: | Book Chapter |
| Language: | Slovak |
| Tags: |
No Tags, Be the first to tag this record!
|
MARC
| LEADER | 00000naa$a2200000$$$4500 | ||
|---|---|---|---|
| 001 | 0213622 | ||
| 005 | 20240502073550.8 | ||
| 041 | 0 | |a slo | |
| 044 | |a SK | ||
| 245 | 1 | 0 | |a Postavenie nemeckého jazyka ako druhého cudzieho jazyka v procese tvorby testovacích nástrojov a jeho skúšobného testovania v národnom projekte E-test |c Katarína Mišurová, Monika Cýchová, Jana Kucharová |
| 500 | |a Abstrakt | ||
| 100 | 1 | |a Mišurová, Katarína | |
| 700 | 1 | |a Cýchová, Monika | |
| 700 | 1 | |a Kucharová, Jana, 1981- | |